| 000 | 01181nam a2200325 a 4500 | ||
|---|---|---|---|
| 001 | 000020166 | ||
| 003 | DO-SdBPM | ||
| 005 | 20260521112250.0 | ||
| 007 | ta | ||
| 008 | 100726s2005 dr 000 0 spa d | ||
| 040 |
_aDO-SdBPM _bspa _cBPMSU _erda |
||
| 049 | _a | ||
| 082 | 0 | 4 |
_a342.729306 _bS232j 2005 _222 |
| 100 | 1 |
_aSantana Viñas, Rafael A. _eautor _4aut. |
|
| 245 | 1 | 0 |
_aJurisdicción contencioso-administrativa : _bTribunal Superior Administrativo / _cRafael A. antana Viñas. |
| 264 |
_aSanto Domingo : _bONAP, _c2005. |
||
| 300 |
_a139 páginas ; _c22 cm. |
||
| 336 |
_atexto _brxt _2rdacontent |
||
| 337 |
_asin mediación _bn _2rdamedia |
||
| 338 |
_avolumen _bnc _2rdacarrier |
||
| 500 | _aIncluye notas al pie de páginas | ||
| 504 | _aIncluye bibliografías [páginas 125-132] | ||
| 590 | _aInventariado, 2026/VM | ||
| 650 | 7 |
_aDerecho administrativo _zRepública Dominicana |
|
| 650 | 7 |
_aJurisprudencia _zRepública Dominicana |
|
| 650 | 7 |
_aProcedimiento administrativo _zRepública Dominicana |
|
| 710 | 1 |
_aRepública Dominicana. _bOficina Nacional de Administración y Personal |
|
| 910 | _aVMateo V. Control de calidad. BPMSU | ||
| 942 |
_2ddc _cBK |
||
| 999 |
_c8113 _d8113 |
||